Du nantissement, du gage et de l'antichrèse

Uloženo v:
Podrobná bibliografie
Hlavní autor: Troplong, M (Autor)
Médium: Kniha
Jazyk:francouzština
Vydáno: París Charles Hingray 1847
Edice:Droit Civil Expliqué
Témata:
Tagy: Přidat tag
Žádné tagy, Buďte první, kdo vytvoří štítek k tomuto záznamu!

MARC

LEADER 00000nam a2200000 a 4500
001 UCS1793
003 CL-VaPUC
008 970515e18470000FR |||||||||||||||||fre|d
082 0 4 |a 346.44  |b TRO  |2 21 
100 0 |a Troplong, M  |e author  |9 386584 
245 1 0 |a Du nantissement, du gage et de l'antichrèse 
300 |a v 
942 |c BK 
945 |d 19970515 00:00:00  |a paguirre 
260 |a París  |b Charles Hingray  |c 1847 
650 0 |a Derecho civil  |9 255013 
650 0 |a Contratos  |9 255153 
650 0 |a Usufructo  |9 256763 
650 0 |a Bienes  |9 255749 
650 0 |a Derecho comercial   |9 256340 
651 0 |a Francia  |9 255157 
583 |a last modification  |c 19970515 00:00:00  |k Rodrigo Vera 
490 0 |a Droit Civil Expliqué 
999 |c 259825  |d 259823 
952 |0 0  |1 0  |4 0  |6 346_440000000000000_TRO_1847  |7 0  |8 X  |9 285261  |a BIBDER  |b BIBDER  |d 2019-11-19  |h v.19  |i 1847767  |o 346.44 TRO 1847  |p 1847767  |r 2023-01-25  |w 2019-11-19  |y BK_X  |k DER